LEADER 00903cam0-2200313---450- 001 990004093220403321 005 20160223113401.0 010 $a0-19-815811-4 035 $a000409322 035 $aFED01000409322 035 $a(Aleph)000409322FED01 035 $a000409322 100 $a19990604d1986----km-y0itay50------ba 101 0 $aeng 102 $aGB 105 $a--------001yy 200 1 $aLancelot and the Grail$ea study of the prose Lancelot$fElspeth Kennedy 210 $aOxford$cClarendon press$d1986 215 $aXI, 396 p.$d22 cm 610 0 $aNarrativa francese$aRomanzi della tavola rotonda 676 $a843.109$v22$zita 700 1$aKennedy,$bElspeth$0158677 801 0$aIT$bUNINA$gRICA$2UNIMARC 901 $aBK 912 $a990004093220403321 952 $a843.109 KEN 1$bDip.f.m.3230$fFLFBC 959 $aFLFBC 996 $aLancelot and the Grail$9477899 997 $aUNINA LEADER 01788cam a22003137i 4500 001 991003148099707536 005 20250430125951.0 008 950628s1544 it ae b 000 0 ita d 035 $ab14288370-39ule_inst 035 $aCICOGNARA-4079$9ExL 040 $aBibl. Interfacoltà T. Pellegrino$bita 100 1 $aSerlio, Sebastiano$d<1475-1554>$08514 240 10$aTutte l'opere d'architettura.$0Libro 3$91390749 245 13$aIl terzo libro di Sabastiano Serlio bolognese :$bnel qval si figvrano, e descrivono le antiqvità di Roma, e le altre che sono in Italia, e fvori de Italia. Con noue additioni, come nel tauola appare. 246 3 $aTerzo libro di Sabastiano Serlio bolognese,$bnel qual si figvrano, e descrivono le antiquità di Roma, e le altre che sono in Italia, e fuori de Italia. Con nove additioni, come nel tavola appare. 260 $aIn Venetia,$c1544$e(In Venetia :$fimpresso per Francesco Marcolini, al segno della verità,$g1544). 300 $aclv, [1] p. :$bill., piante; $cfol. (35 cm). 500 $aFront. inciso, in rosso e nero. 500 $aIniziali. 500 $aIncisioni xilografiche. 500 $aRiproduzione in microfiche dell'originale conservato presso la Biblioteca Apostolica Vaticana 787 18$iLeopoldo Cicognara Program :$tBiblioteca Cicognara$h[microform] : literary sources in the history of art and kindred subjects 787 18$tCatalogo ragionato dei libri d'arte e d'antichità / Leopoldo Cicognara 907 $a.b14288370$b01-04-22$c28-07-16 912 $a991003148099707536 945 $aLE002 SB Raccolta Cicognara, mcrf 665(2)$g0$lle002$pE0.00$rn$so $t11$u0$v0$w0$x0$y.i15759672$z28-07-16 996 $aTutte l'opere d'architettura$91390749 997 $aUNISALENTO 998 $ale002$b28-07-16$cm$dg $e-$fita$git $h3$i1